000 00187nmm a2200085Ia 4500
008 150209s2015||||xx |||||||||||||||||und||
100 _aANTHONY'S. SF
245 _aHARRISON'S
942 _2ddc
_cCD
999 _c6000
_d6000